000 00894pam a2200277 a 4500
001 2404128
003 NUST-PNEC
005 20170116180708.0
008 860123s1986 nyua b 001 0 eng
010 _a 86000331
020 _a006043774X
040 _aDLC
_cLIBRARY
050 0 0 _aQC320
_b.K7 1986
082 0 0 _a621.4022 KRE
100 1 _aKreith, Frank.
245 1 0 _aPrinciples of heat transfer.
_cFrank Kreith
250 _a4th ed.
260 _aNew York :
_bHarper & Row,
_cc.1986
300 _axviii, 700 p. :
_bill. ;
_c24 cm.
500 _ahttp://www.amazon.com/Principals-Heat-Transfer-Frank-Kreith/dp/006043774X/ref=sr_1_1?s=books&ie=UTF8&qid=1412142467&sr=1-1&keywords=006043774x
504 _aIncludes bibliographies and index.
650 0 _aHeat
_xTransmission. - ME
700 1 _aBohn, Mark.
906 _a7
_bcbc
_corignew
_d1
_eocip
_f19
_gy-gencatlg
942 _2ddc
_cBK
999 _c60836
_d60836